Historia de la literatura mexicana : (Record no. 83017)

MARC details
000 -CABECERA
campo de control de longitud fija 00700nam a2200217 a 4500
005 - FECHA Y HORA DE LA ÚLTIMA TRANSACCIÓN
campo de control 20210223124226.0
008 - ELEMENTOS DE LONGITUD FIJA--INFORMACIÓN GENERAL
campo de control de longitud fija 010703s1992 r 000 0 eng d
020 ## - NÚMERO INTERNACIONAL NORMALIZADO PARA LIBROS
Número Internacional Estándar del Libro 9684441460
035 ## - NÚMERO DE CONTROL DEL SISTEMA
Número de control de sistema UPN01000109106
049 ## - COLECCIÓN
Colección CG
050 #4 - SIGNATURA TOPOGRÁFICA DE LA BIBLIOTECA DEL CONGRESO
Número de clasificación PM3055
Número de documento/Ítem L4.3 1992
100 1# - ASIENTO PRINCIPAL--NOMBRE PERSONAL
Nombre de persona León-Portilla, Miguel,
Fechas asociadas al nombre 1926-2019
9 (RLIN) 28975
245 10 - MENCIÓN DE TÍTULO
Título Historia de la literatura mexicana :
Resto del título período prehispánico /
Mención de responsabilidad, etc. Miguel León Portilla.
250 ## - MENCIÓN DE EDICIÓN
Mención de edición 2a ed.
260 ## - PUBLICACIÓN, DISTRIBUCIÓN, ETC.
Lugar de publicación, distribución, etc. México :
Nombre del editor, distribuidor, etc. Alhambra Mexicana,
Fecha de publicación, distribución, etc. 1992.
300 ## - DESCRIPCIÓN FÍSICA
Extensión 123 p.
650 #4 - ASIENTO SECUNDARIO DE MATERIA - TERMINO TEMATICO
Término de materia o nombre geográfico como elemento de entrada LITERATURA FOLKLORICA -
Subdivisión geográfica MEXICO
650 #4 - ASIENTO SECUNDARIO DE MATERIA - TERMINO TEMATICO
Término de materia o nombre geográfico como elemento de entrada LITERATURA NAHUA -
Subdivisión general HISTORIA Y CRITICA
9 (RLIN) 19406
650 #4 - ASIENTO SECUNDARIO DE MATERIA - TERMINO TEMATICO
Término de materia o nombre geográfico como elemento de entrada LITERATURA MAYA -
Subdivisión general HISTORIA Y CRITICA
9 (RLIN) 9424
905 ## - TIPO DE MATERIAL
Tipo de material Libro
Holdings
Estado de retiro Estado de pérdida Fuente del sistema de clasificación o colocación Estado dañado No para préstamo Código de colección Localización permanente Ubicación/localización actual Ubicación en estantería Total de préstamos Clasificación Código de barras Fecha visto por última vez Número de copia Tipo de ítem Koha
    Library of Congress Classification     Colección General Bib. Gregorio Torres Quintero Bib. Gregorio Torres Quintero Planta baja 1 PM3055 L4.3 1992 183074 31/12/2020 1 Libro